[Event "II Open della Maremma A"]
[Site "Grosseto ITA"]
[Date "2013.05.10"]
[Round "3"]
[White "Libiszewski, Fabien"]
[Black "Lagumina, Giulio"]
[WhiteElo "2501"]
[BlackElo "2311"]
[Result "1-0"]
[PlyCount "55"]
[EventDate "2013.05.09"]

1. e4 e5 2. Nf3 d6 3. d4 exd4 4. Nxd4 g6 5. Nc3 Bg7 6. Be3 Nf6 7. Qd2 O-O 8.
O-O-O Re8 9. f3 Nc6 10. g4 a6 11. Be2 Nxd4 12. Bxd4 Be6 13. g5 Nh5 14. Bxg7
Nxg7 15. f4 f5 16. Bf3 c6 17. Qxd6 Qa5 18. a3 Rad8 19. Qb4 Qc7 20. e5 Bf7 21.
Rd6 Ne6 22. Ne2 a5 23. Qd2 Rxd6 24. exd6 Qb6 25. Rd1 Qf2 26. Qc3 Rd8 27. h4
Qxh4 28. Qe3 1-0

[Event "II Open della Maremma A"]
[Site "Grosseto ITA"]
[Date "2013.05.10"]
[Round "3"]
[White "Messina, Roberta"]
[Black "Giordani, Roberto"]
[WhiteElo "1998"]
[BlackElo "1811"]
[Result "1/2-1/2"]
[PlyCount "128"]
[EventDate "2013.05.09"]

1. c4 Nf6 2. g3 g6 3. Bg2 Bg7 4. Nc3 O-O 5. Nf3 c6 6. O-O d5 7. cxd5 cxd5 8. d3
Nc6 9. Bg5 h6 10. Bf4 Re8 11. Qd2 Kh7 12. Ne5 Nxe5 13. Bxe5 e6 14. Nb5 Nh5 15.
Bxg7 Nxg7 16. Qf4 Re7 17. Rac1 a6 18. Nc3 Bd7 19. d4 Bc6 20. g4 f5 21. g5 Nh5
22. Qh4 hxg5 23. Qxg5 Rg7 24. h4 Qxg5 25. hxg5 Nf4 26. e3 Nd3 27. Rc2 Nb4 28.
Rd2 Bd7 29. f4 Rh8 30. Kf2 Kg8 31. a3 Nc6 32. Rh1 Rgh7 33. Rxh7 Rxh7 34. Na4
Ne5 35. Nb6 Ng4+ 36. Kf3 Bc6 37. Rc2 Nh2+ 38. Kg3 Ng4 39. Rc3 Kf8 40. a4 Ke7
41. b4 Kd6 42. Bh3 Nf2 43. Kxf2 Rxh3 44. Kg2 Rh8 45. Rc1 Kc7 46. a5 Kd6 47. Rc5
Re8 48. Rc1 Rh8 49. Kg3 Kc7 50. Na4 Kd6 51. Nc5 Rh7 52. Nd3 Rc7 53. Rh1 Be8 54.
Nc5 Kc6 55. Rh8 Re7 56. Nd3 Kb5 57. Kf3 Kc4 58. Ke2 Kc3 59. Rh1 Bb5 60. Rc1+
Kb3 61. Rb1+ Ka2 62. Rc1 Kb3 63. Rb1+ Ka2 64. Rc1 Kb3 1/2-1/2

[Event "II Open della Maremma A"]
[Site "Grosseto ITA"]
[Date "2013.05.10"]
[Round "3"]
[White "Vuelban, Virgilio"]
[Black "Vargas, Gabriela"]
[WhiteElo "2298"]
[BlackElo "2057"]
[Result "1/2-1/2"]
[PlyCount "147"]
[EventDate "2013.05.09"]

1. d4 d5 2. Nf3 Nf6 3. c4 c6 4. e3 a6 5. Qc2 g6 6. Bd3 Bg7 7. b3 O-O 8. Bb2
Nbd7 9. Nbd2 e5 10. dxe5 Ng4 11. cxd5 Ndxe5 12. Be2 cxd5 13. Nxe5 Nxe5 14. Bd4
Bf5 15. Qb2 f6 16. O-O Rc8 17. Rac1 Nd3 18. Rxc8 Qxc8 19. Bxd3 Bxd3 20. Rc1 Qd7
21. Qc3 Bf5 22. Qa5 Qb5 23. Qxb5 axb5 24. Rc5 Rc8 25. Rxc8+ Bxc8 26. b4 Kf7 27.
Kf1 Bf5 28. Nb3 Bd3+ 29. Ke1 Bc4 30. Na5 Bxa2 31. Kd2 Bf8 32. Kc3 Ke6 33. Nxb7
f5 34. f4 Be7 35. Na5 Kd7 36. Be5 Bd8 37. Nb7 Bb6 38. Bd4 Bc7 39. Nc5+ Ke7 40.
Nd3 Bc4 41. Bc5+ Kf7 42. Ne1 Bd8 43. Nf3 Be2 44. Ne5+ Ke6 45. Nc6 Kd7 46. Ne5+
Ke6 47. Kd2 Bf1 48. g3 Bf6 49. Nc6 Kd7 50. Na5 Kc7 51. Bd4 Be7 52. Be5+ Kb6 53.
Kc3 Bc4 54. h3 h6 55. Bg7 h5 56. h4 Kc7 57. Be5+ Kb6 58. Bd4+ Kc7 59. Bc5 Bf6+
60. Bd4 Be7 61. Bg7 Kb6 62. Be5 Ba2 63. Bb8 Bf6+ 64. Kd2 Be7 65. Kc3 Bf6+ 66.
Be5 Be7 67. Bd4+ Kc7 68. Bc5 Bf6+ 69. Kd2 Bc4 70. Bd4 Bxd4 71. exd4 Kb6 72. Kc3
Ba2 73. Kc2 Bc4 74. Nc6 1/2-1/2

[Event "II Open della Maremma A"]
[Site "Grosseto ITA"]
[Date "2013.05.10"]
[Round "3"]
[White "Zimina, Olga"]
[Black "Naumkin, Igor"]
[WhiteElo "2334"]
[BlackElo "2453"]
[Result "0-1"]
[PlyCount "124"]
[EventDate "2013.05.09"]

1. Nf3 Nf6 2. c4 e6 3. g3 d5 4. Bg2 d4 5. O-O c5 6. d3 Nc6 7. e3 Be7 8. exd4
cxd4 9. Re1 O-O 10. Ne5 Nxe5 11. Rxe5 Nd7 12. Re1 e5 13. Nd2 Kh8 14. Nf3 f6 15.
Rb1 a5 16. b3 Nc5 17. Ba3 Ne6 18. Bc1 Qc7 19. a3 Rb8 20. b4 b5 21. c5 Bb7 22.
Bd2 a4 23. Rc1 Bc6 24. Nh4 Bxg2 25. Nxg2 g5 26. f4 gxf4 27. gxf4 Qc6 28. Qe2
Rg8 29. Qe4 Qxe4 30. Rxe4 Rbf8 31. Rf1 Bd8 32. fxe5 f5 33. Re2 f4 34. Ref2 Bh4
35. Rxf4 Nxf4 36. Rxf4 Rxf4 37. Bxf4 Rg6 38. Kf1 Bg5 39. Kf2 Kg8 40. Kf3 Kf7
41. Ke4 Bh6 42. Bxh6 Rxg2 43. Bf4 Ra2 44. c6 Ke6 45. c7 Rc2 46. Kxd4 Rxc7 47.
Ke4 Rc3 48. d4 Rxa3 49. d5+ Kf7 50. Kf5 Rd3 51. e6+ Ke7 52. Ke4 Rd1 53. Bg5+
Kd6 54. Bf4+ Ke7 55. Bg5+ Ke8 56. Ke5 a3 57. Kd6 a2 58. Bf6 a1=Q 59. Bxa1 Rxa1
60. Kc6 Ke7 61. Kxb5 Kd6 62. Kc4 Rc1+ 0-1

[Event "II Open della Maremma A"]
[Site "Grosseto ITA"]
[Date "2013.05.11"]
[Round "4"]
[White "Barbafiera, Luigi"]
[Black "Messina, Roberta"]
[WhiteElo "1978"]
[BlackElo "1998"]
[Result "0-1"]
[PlyCount "56"]
[EventDate "2013.05.09"]

1. c4 c5 2. Nc3 Nf6 3. g3 d5 4. cxd5 Nxd5 5. Bg2 Nc7 6. Nf3 Nc6 7. O-O g6 8. d3
Bg7 9. Be3 Ne6 10. Qd2 O-O 11. Bh6 Ned4 12. Bxg7 Kxg7 13. Ne4 Nxf3+ 14. Bxf3
Bh3 15. Rfc1 Nd4 16. Bh1 b6 17. e3 Ne6 18. f3 Bf5 19. Nf2 Nc7 20. f4 Rb8 21.
Qc3+ Kg8 22. e4 Bc8 23. a4 Ne6 24. b4 Nd4 25. Ra2 Be6 26. Rb2 Rc8 27. Bg2 cxb4
28. Qxc8 Bxc8 0-1

[Event "II Open della Maremma A"]
[Site "Grosseto ITA"]
[Date "2013.05.11"]
[Round "4"]
[White "Delfino, Luigi"]
[Black "Guglielmi, Dante"]
[WhiteElo "2210"]
[BlackElo "1898"]
[Result "1-0"]
[PlyCount "71"]
[EventDate "2013.05.09"]

1. e4 c5 2. Nf3 d6 3. c3 Nf6 4. h3 Bd7 5. Bd3 Nc6 6. Bc2 g6 7. O-O Bg7 8. Re1
O-O 9. d4 cxd4 10. cxd4 Rc8 11. Nc3 a6 12. Bg5 h6 13. Bh4 g5 14. e5 dxe5 15.
dxe5 Nxe5 16. Rxe5 gxh4 17. Qe2 e6 18. Rd1 Qc7 19. Re3 Bc6 20. Nd4 Rfd8 21.
Nxc6 Qxc6 22. Red3 Rxd3 23. Qxd3 b5 24. Bb3 Nh5 25. Ne4 Bxb2 26. Qf3 Bg7 27.
Rd8+ Kh7 28. Rxc8 Qxc8 29. Qxh5 Qc1+ 30. Qd1 Qf4 31. Qd2 Qe5 32. f4 Qc7 33. Qc2
Qb6+ 34. Kf1 f5 35. Nc5 a5 36. Bxe6 1-0

[Event "II Open della Maremma A"]
[Site "Grosseto ITA"]
[Date "2013.05.11"]
[Round "4"]
[White "Fierro Baquero, Martha Lorena"]
[Black "Laketic, Gojko"]
[WhiteElo "2364"]
[BlackElo "2420"]
[Result "0-1"]
[PlyCount "76"]
[EventDate "2013.05.09"]

1. c4 e5 2. g3 c6 3. d4 Bb4+ 4. Bd2 Bxd2+ 5. Qxd2 d6 6. Nc3 Nf6 7. Bg2 Qe7 8.
Nf3 O-O 9. O-O Re8 10. e3 e4 11. Ne1 Bf5 12. Nc2 Nbd7 13. Rae1 Nb6 14. b3 d5
15. c5 Nbd7 16. b4 a6 17. a4 h5 18. b5 axb5 19. axb5 Nf8 20. Nb4 Qd7 21. Qc2
Ra5 22. bxc6 bxc6 23. Na4 Ng6 24. Nb6 Qe6 25. Ra1 Rb5 26. Rfb1 Bh3 27. Qe2 Bg4
28. Qf1 h4 29. Na6 Rxb1 30. Rxb1 h3 31. Bh1 Qf5 32. Nb4 Ne7 33. Ra1 Nh7 34. Ra7
Ng5 35. Qa1 Be2 36. f4 exf3 37. Kf2 Ne4+ 38. Ke1 Bb5 0-1

[Event "II Open della Maremma A"]
[Site "Grosseto ITA"]
[Date "2013.05.11"]
[Round "4"]
[White "Giordani, Roberto"]
[Black "Di Primio, Eugenia"]
[WhiteElo "1811"]
[BlackElo "1972"]
[Result "1/2-1/2"]
[PlyCount "122"]
[EventDate "2013.05.09"]

1. e4 e5 2. Nf3 Nc6 3. Bc4 Bc5 4. c3 Nf6 5. d4 exd4 6. cxd4 Bb4+ 7. Bd2 Nxe4 8.
O-O d5 9. Bxb4 Nxb4 10. Qa4+ Nc6 11. Bb5 Bd7 12. Qb3 O-O 13. Qxd5 Nf6 14. Qc5
a6 15. Ba4 b6 16. Qc3 Ne7 17. Bc2 Rc8 18. Qd2 Bc6 19. Ne5 Bb7 20. Rd1 Ned5 21.
Nc3 Re8 22. Bf5 Ra8 23. Qg5 Nxc3 24. bxc3 Nd5 25. Bxh7+ Kf8 26. Qf5 Nf6 27. Re1
Qd5 28. f3 Rad8 29. Qh3 Bc8 30. Qh4 c5 31. Be4 Nxe4 32. fxe4 Qe6 33. Qh8+ Ke7
34. Qh4+ Kd6 35. Rad1 Kc7 36. Qg3 Kb7 37. Qxg7 cxd4 38. cxd4 Re7 39. Rf1 f6 40.
Qxf6 Qxf6 41. Rxf6 Rxe5 42. Rf7+ Ka8 43. dxe5 Rxd1+ 44. Kf2 Be6 45. Rf6 Bc4 46.
Kg3 Kb7 47. e6 Re1 48. Kf4 Kc7 49. Ke5 Kd8 50. Rf8+ Ke7 51. Rf7+ Ke8 52. Rc7
Bxa2 53. h4 Bxe6 54. Kxe6 Rxe4+ 55. Kd6 Rxh4 56. g4 Rh6+ 57. Kd5 Kf8 58. Ra7 b5
59. Kc5 Rg6 60. Kb4 Rxg4+ 61. Ka5 Ra4+ 1/2-1/2

[Event "II Open della Maremma A"]
[Site "Grosseto ITA"]
[Date "2013.05.11"]
[Round "4"]
[White "Lagumina, Giulio"]
[Black "Buratti, Marco"]
[WhiteElo "2311"]
[BlackElo "1977"]
[Result "1-0"]
[PlyCount "55"]
[EventDate "2013.05.09"]

1. e4 e5 2. Nf3 Nc6 3. Bb5 Bc5 4. O-O Qf6 5. d3 h6 6. Be3 Bb6 7. c4 Nd4 8. Nxd4
exd4 9. Bd2 c6 10. Ba4 Ne7 11. f4 d6 12. f5 g6 13. Bf4 gxf5 14. Nd2 Rg8 15. Qe2
Qg6 16. Rae1 Kf8 17. Rf3 fxe4 18. Nxe4 Bg4 19. Bxd6 Bxf3 20. Qxf3 f5 21. c5 Ba5
22. Re2 Rg7 23. Bb3 Ke8 24. Ng3 Bd8 25. Nxf5 Qf6 26. Nxg7+ Qxg7 27. Qh5+ Kf8
28. Rf2+ 1-0

[Event "II Open della Maremma A"]
[Site "Grosseto ITA"]
[Date "2013.05.11"]
[Round "4"]
[White "Vargas, Gabriela"]
[Black "Zimina, Olga"]
[WhiteElo "2057"]
[BlackElo "2334"]
[Result "0-1"]
[PlyCount "108"]
[EventDate "2013.05.09"]

1. d4 d5 2. Nf3 c6 3. c4 e6 4. e3 Nf6 5. Qc2 Nbd7 6. b3 Bd6 7. Bb2 Ne4 8. Nbd2
f5 9. Bd3 Qf6 10. c5 Bc7 11. b4 a6 12. Nb3 O-O 13. a4 Qg6 14. g3 Qh5 15. Ne5
Ndf6 16. Qe2 Qh6 17. a5 Bd7 18. O-O-O Qh3 19. Nxd7 Nxd7 20. f4 Ndf6 21. Nd2 Ng4
22. Rdf1 Rf6 23. Nf3 h6 24. Ng1 Qh5 25. Qf3 Rff8 26. h3 Ngf6 27. Qxh5 Nxh5 28.
Bxe4 dxe4 29. Ne2 Nf6 30. Nc3 Kf7 31. Rhg1 g5 32. Kc2 Rg8 33. Bc1 Rad8 34. Bd2
Rg6 35. Be1 Rdg8 36. Bf2 gxf4 37. gxf4 Rg2 38. Rxg2 Rxg2 39. Kd1 Rh2 40. Bh4
Nh5 41. Ne2 Rxh3 42. Bf2 Nf6 43. Ng3 Ng4 44. Ke1 Nxe3 45. Bxe3 Rxg3 46. Ke2 Kg6
47. b5 Rg2+ 48. Bf2 Bxf4 49. bxa6 bxa6 50. Ke1 e3 51. Bh4 Bc7 52. Rf3 f4 53.
Kf1 Rh2 54. Be1 Kf5 0-1

[Event "II Open della Maremma A"]
[Site "Grosseto ITA"]
[Date "2013.05.11"]
[Round "5"]
[White "Giannoni, Massimo"]
[Black "Grichkevitch, Gilles"]
[WhiteElo "1918"]
[BlackElo "2153"]
[Result "0-1"]
[PlyCount "70"]
[EventDate "2013.05.09"]

1. Nf3 Nf6 2. c4 g6 3. g3 Bg7 4. Bg2 d6 5. d4 O-O 6. O-O Nc6 7. Nc3 a6 8. e4
Rb8 9. Re1 b5 10. e5 dxe5 11. dxe5 Qxd1 12. Nxd1 Ng4 13. Bf4 Nb4 14. Re2 Be6
15. cxb5 axb5 16. h3 Nh6 17. a3 Bc4 18. Rd2 Nd5 19. Be3 Nf5 20. Bc5 Bh6 21. Ne3
Nfxe3 22. fxe3 Nxe3 23. Rd7 Nxg2 24. Kxg2 Be6 25. Rxc7 Rfc8 26. Rxc8+ Rxc8 27.
Bd4 Rc2+ 28. Kg1 Bd5 29. Rf1 e6 30. Rf2 Rc1+ 31. Kh2 Rd1 32. h4 Bxf3 33. Rxf3
Rxd4 34. Rb3 Rd5 35. Kh3 Rxe5 0-1

[Event "II Open della Maremma A"]
[Site "Grosseto ITA"]
[Date "2013.05.11"]
[Round "5"]
[White "Lazic, Miroljub"]
[Black "Delfino, Luigi"]
[WhiteElo "2476"]
[BlackElo "2210"]
[Result "1/2-1/2"]
[PlyCount "42"]
[EventDate "2013.05.09"]

1. g3 c5 2. e4 Nc6 3. Bg2 g6 4. Nc3 Bg7 5. d3 d6 6. Be3 Rb8 7. a4 a6 8. f4 Nh6
9. h3 f5 10. Nf3 O-O 11. O-O Nd4 12. Ng5 Kh8 13. Qd2 Nf7 14. Nxf7+ Rxf7 15. Nd1
b5 16. axb5 axb5 17. Nf2 b4 18. Rae1 e6 19. c3 Nb3 20. Qc2 bxc3 21. bxc3 Qa5
1/2-1/2

[Event "II Open della Maremma A"]
[Site "Grosseto ITA"]
[Date "2013.05.11"]
[Round "5"]
[White "Messina, Roberta"]
[Black "Fierro Baquero, Martha Lorena"]
[WhiteElo "1998"]
[BlackElo "2364"]
[Result "0-1"]
[PlyCount "57"]
[EventDate "2013.05.09"]

1. c4 g6 2. g3 Bg7 3. Bg2 Nf6 4. Nc3 O-O 5. Nf3 d6 6. O-O e5 7. d3 Re8 8. Rb1
a5 9. a3 e4 10. Ng5 exd3 11. Qxd3 Nbd7 12. Nd5 h6 13. Nxf6+ Nxf6 14. Ne4 Nxe4
15. Bxe4 Rxe4 16. Qxe4 Bf5 17. Qxb7 Bxb1 18. Bxh6 Bxh6 19. Rxb1 a4 20. b4 axb3
21. Rxb3 Bc1 22. Qb4 Bh6 23. Qb5 Qe8 24. Qd5 Rb8 25. Rf3 Bg7 26. Re3 Qd7 27. c5
Qh3 28. Qa2 Rb2 29. Qa1 0-1

[Event "II Open della Maremma A"]
[Site "Grosseto ITA"]
[Date "2013.05.11"]
[Round "5"]
[White "Rebeggiani, Andrea"]
[Black "Bruno, Fabio"]
[WhiteElo "1930"]
[BlackElo "2433"]
[Result "0-1"]
[PlyCount "72"]
[EventDate "2013.05.09"]

1. d4 Nf6 2. Bf4 d5 3. e3 c5 4. c3 Nc6 5. Nd2 Bf5 6. Qb3 Qd7 7. Ngf3 c4 8. Qd1
e6 9. Be2 Be7 10. O-O O-O 11. b3 b5 12. a4 a6 13. b4 h6 14. a5 Qb7 15. h3 Rfc8
16. Qc1 Nxb4 17. cxb4 Bxb4 18. Ne1 Bf8 19. Bd1 b4 20. Bc2 b3 21. Rb1 Bxc2 22.
Nxc2 Qb5 23. Na1 Qxa5 24. Qd1 Qd8 25. Qe2 a5 26. Ndxb3 cxb3 27. Rxb3 Ne4 28. f3
a4 29. Rb7 Nd6 30. Bxd6 Qxd6 31. Rfb1 Rab8 32. Qb5 Rxb7 33. Qxb7 Rc3 34. Kf2
Qa3 35. Re1 Rc1 36. Rxc1 Qxc1 0-1

[Event "II Open della Maremma A"]
[Site "Grosseto ITA"]
[Date "2013.05.11"]
[Round "5"]
[White "Tiengo, Davide"]
[Black "Giordani, Roberto"]
[WhiteElo "2022"]
[BlackElo "1811"]
[Result "1/2-1/2"]
[PlyCount "59"]
[EventDate "2013.05.09"]

1. d4 d5 2. c4 e6 3. Nf3 Nf6 4. Nc3 Be7 5. Bg5 b6 6. Qa4+ c6 7. cxd5 exd5 8. e3
O-O 9. Bd3 Bb7 10. O-O h6 11. Bh4 Nbd7 12. Rfe1 Ne4 13. Bxe7 Qxe7 14. Ba6 Nxc3
15. bxc3 b5 16. Qa5 Nb6 17. Bxb7 Qxb7 18. e4 dxe4 19. Rxe4 Nc4 20. Qb4 c5 21.
Qb1 cxd4 22. Rxd4 Qc6 23. a4 a6 24. Qe4 Qxe4 25. Rxe4 Rac8 26. axb5 axb5 27. h3
Rfd8 28. Re7 Ra8 29. Rxa8 Rxa8 30. Nd4 1/2-1/2

[Event "II Open della Maremma A"]
[Site "Grosseto ITA"]
[Date "2013.05.11"]
[Round "5"]
[White "Vuelban, Virgilio"]
[Black "Collutiis, Duilio"]
[WhiteElo "2298"]
[BlackElo "2473"]
[Result "1/2-1/2"]
[PlyCount "131"]
[EventDate "2013.05.09"]

1. e4 e5 2. Nf3 Nc6 3. d4 exd4 4. Nxd4 Bb4+ 5. c3 Bc5 6. Be3 Bb6 7. Nf5 Bxe3 8.
Nxe3 Nf6 9. f3 O-O 10. c4 d6 11. Nc3 Nd7 12. Qd2 Nc5 13. Be2 f5 14. exf5 Bxf5
15. Nxf5 Rxf5 16. O-O Kh8 17. f4 Rf7 18. Bh5 Rf8 19. Bf3 a5 20. Rae1 Qd7 21.
Bxc6 bxc6 22. Ne4 Qf5 23. Qe2 h6 24. g4 Qxe4 25. Qxe4 Nxe4 26. Rxe4 Kg8 27.
Rfe1 Rab8 28. R1e2 d5 29. cxd5 cxd5 30. Rd4 c6 31. f5 Kf7 32. Rc2 Rfc8 33. h3
Ke7 34. Kf2 Kd6 35. Ra4 Rb5 36. Re2 Kd7 37. b3 Re8 38. Rxe8 Kxe8 39. Ke3 c5 40.
Kd3 Ke7 41. Rf4 Rb4 42. Rf2 Rd4+ 43. Kc3 Re4 44. Kd3 a4 45. Rc2 Kd6 46. Rf2 Ke5
47. Rc2 Kd6 48. Rf2 axb3 49. axb3 Ke5 50. f6 gxf6 51. Rf5+ Ke6 52. Rh5 Rf4 53.
Rxh6 Rf3+ 54. Kc2 Ke5 55. Rh5+ Kd4 56. Kb2 Rf2+ 57. Ka3 c4 58. bxc4 dxc4 59.
Rh8 Kc3 60. h4 Rf1 61. Ka2 Rf2+ 62. Ka3 Rg2 63. g5 fxg5 64. hxg5 Kc2 65. g6 c3
66. g7 1/2-1/2

[Event "II Open della Maremma A"]
[Site "Grosseto ITA"]
[Date "2013.05.12"]
[Round "6"]
[White "Brioschi, Camillo"]
[Black "Zimina, Olga"]
[WhiteElo "1756"]
[BlackElo "2334"]
[Result "0-1"]
[PlyCount "90"]
[EventDate "2013.05.09"]

1. d4 d5 2. c4 e6 3. Nc3 c6 4. Nf3 dxc4 5. a4 Bb4 6. e4 b5 7. axb5 cxb5 8. Be3
Bb7 9. Nd2 a6 10. Qg4 Qf6 11. Qg3 Nd7 12. Qc7 Rb8 13. Qg3 Qg6 14. f3 Ne7 15.
Be2 O-O 16. Bd1 e5 17. Bc2 exd4 18. Bxd4 Bc5 19. Qf2 Qb6 20. Bxc5 Qxc5 21. O-O
Rfd8 22. Kh1 Qxf2 23. Rxf2 Nc5 24. Kg1 Nc6 25. Rd1 Nb4 26. Nf1 Bc6 27. Ne3
Rxd1+ 28. Bxd1 Rd8 29. Bc2 a5 30. Bb1 a4 31. Ned5 Nxd5 32. exd5 Be8 33. Rd2 Nb3
34. Rd1 b4 35. Na2 Rb8 36. Kf2 h6 37. g4 Bd7 38. h3 Kf8 39. Be4 Nc5 40. Rc1 b3
41. Nc3 a3 42. bxa3 b2 43. Rd1 Rb3 44. Nb1 Nxe4+ 45. fxe4 c3 0-1

[Event "II Open della Maremma A"]
[Site "Grosseto ITA"]
[Date "2013.05.12"]
[Round "6"]
[White "Bruno, Fabio"]
[Black "Pacini, Ermanno"]
[WhiteElo "2433"]
[BlackElo "1869"]
[Result "1-0"]
[PlyCount "51"]
[EventDate "2013.05.09"]

1. c4 e5 2. g3 Nc6 3. Bg2 Nf6 4. Nc3 Bc5 5. e3 d5 6. Nxd5 Nxd5 7. cxd5 Nb4 8.
Qa4+ Bd7 9. Qb3 c6 10. d4 exd4 11. exd4 Qe7+ 12. Ne2 Bxd4 13. O-O Bc5 14. Nc3
cxd5 15. a3 Nd3 16. Nxd5 Nxc1 17. Raxc1 Qd6 18. Qxb7 O-O 19. Rxc5 Qxc5 20. Qxd7
Rad8 21. Qf5 Qd4 22. Ne7+ Kh8 23. Nc6 Qd7 24. Qc5 Rc8 25. Qxa7 Qd2 26. Qd4 1-0

[Event "II Open della Maremma A"]
[Site "Grosseto ITA"]
[Date "2013.05.12"]
[Round "6"]
[White "Buratti, Marco"]
[Black "Di Primio, Eugenia"]
[WhiteElo "1977"]
[BlackElo "1972"]
[Result "1-0"]
[PlyCount "61"]
[EventDate "2013.05.09"]

1. e4 e5 2. Nc3 Nc6 3. g3 Bc5 4. Bg2 d6 5. d3 Nge7 6. Nge2 h5 7. h4 Bg4 8. f3
Be6 9. Na4 Bb4+ 10. c3 Ba5 11. b4 Bb6 12. Nxb6 axb6 13. a4 d5 14. f4 dxe4 15.
Bxe4 Bd5 16. O-O Bxe4 17. dxe4 Qxd1 18. Rxd1 b5 19. a5 b6 20. a6 Rh6 21. c4
Nxb4 22. cxb5 c6 23. Nc3 cxb5 24. Nxb5 Rc6 25. a7 Nc8 26. fxe5 Ke7 27. Ba3 Rc4
28. Bxb4+ Rxb4 29. Nc7 Rxa7 30. Rxa7 Nxa7 31. Nd5+ 1-0

[Event "II Open della Maremma A"]
[Site "Grosseto ITA"]
[Date "2013.05.12"]
[Round "6"]
[White "Collutiis, Duilio"]
[Black "Garcia Palermo, Carlos Horacio"]
[WhiteElo "2473"]
[BlackElo "2465"]
[Result "0-1"]
[PlyCount "100"]
[EventDate "2013.05.09"]

1. e4 c6 2. c4 d5 3. exd5 cxd5 4. cxd5 Nf6 5. Nc3 Nxd5 6. Nf3 Nxc3 7. bxc3 g6
8. d4 Qc7 9. Bd2 Bg7 10. Bd3 Nc6 11. O-O O-O 12. Re1 e5 13. dxe5 Bg4 14. Bf4
Rad8 15. Qe2 Bxf3 16. Qxf3 Bxe5 17. g3 Bxf4 18. gxf4 Rd6 19. f5 Ne5 20. Rxe5
Rxd3 21. Qxd3 Qxe5 22. Rb1 b6 23. Rb5 Qf6 24. Rd5 Re8 25. fxg6 hxg6 26. Kg2 Qf4
27. h3 Qe4+ 28. Qf3 Qxf3+ 29. Kxf3 Rc8 30. Rd3 Rc4 31. Ke2 Ra4 32. Rd2 Kg7 33.
Kf3 Kf6 34. Kg3 Rc4 35. Rd3 g5 36. f3 Kg6 37. Rd6+ f6 38. Rd3 Ra4 39. Rd2 b5
40. Rb2 a6 41. Rd2 Kh5 42. Rd6 f5 43. Rd2 f4+ 44. Kg2 Rc4 45. h4 Rxc3 46. hxg5
Kxg5 47. Rd5+ Kh4 48. Rd2 Ra3 49. Rb2 b4 50. Kh2 a5 0-1

[Event "II Open della Maremma A"]
[Site "Grosseto ITA"]
[Date "2013.05.12"]
[Round "6"]
[White "Delfino, Luigi"]
[Black "Laketic, Gojko"]
[WhiteElo "2210"]
[BlackElo "2420"]
[Result "1/2-1/2"]
[PlyCount "26"]
[EventDate "2013.05.09"]

1. e4 e6 2. d4 d5 3. Nd2 Nf6 4. Bd3 dxe4 5. Nxe4 Nxe4 6. Bxe4 Nd7 7. Nf3 Nf6 8.
Bg5 Be7 9. Bxf6 gxf6 10. Qe2 c6 11. O-O-O Qc7 12. Kb1 b6 13. Qc4 Bd7 1/2-1/2

[Event "II Open della Maremma A"]
[Site "Grosseto ITA"]
[Date "2013.05.12"]
[Round "6"]
[White "Lagumina, Giulio"]
[Black "Vuelban, Virgilio"]
[WhiteElo "2311"]
[BlackElo "2298"]
[Result "1/2-1/2"]
[PlyCount "26"]
[EventDate "2013.05.09"]

1. e4 c5 2. Nf3 d6 3. d4 cxd4 4. Qxd4 Bd7 5. c4 Nc6 6. Qd2 g6 7. Nc3 Nf6 8. b3
Bg7 9. Bb2 O-O 10. h3 Qa5 11. Bd3 Qh5 12. Be2 Qa5 13. Rb1 a6 1/2-1/2

[Event "II Open della Maremma A"]
[Site "Grosseto ITA"]
[Date "2013.05.12"]
[Round "6"]
[White "Libiszewski, Fabien"]
[Black "Naumkin, Igor"]
[WhiteElo "2501"]
[BlackElo "2453"]
[Result "1-0"]
[PlyCount "75"]
[EventDate "2013.05.09"]

1. c4 Nf6 2. Nc3 e5 3. Nf3 Nc6 4. g3 Bb4 5. Bg2 O-O 6. Nd5 e4 7. Nh4 Bc5 8. O-O
Re8 9. e3 d6 10. f3 Nxd5 11. cxd5 exf3 12. Nxf3 Nb4 13. d4 Bb6 14. Nh4 c6 15.
dxc6 bxc6 16. a3 Nd5 17. e4 Nc7 18. Kh1 d5 19. e5 Be6 20. Be3 Qd7 21. Rc1 a5
22. Rf2 Nb5 23. a4 Na7 24. Qd3 Nc8 25. Nf5 Bxf5 26. Rxf5 Rb8 27. Rcf1 Rf8 28.
Bh3 Qa7 29. Rh5 g6 30. Bh6 gxh5 31. Qf5 Qe7 32. Qxh5 f5 33. Bxf8 Qxf8 34. Bxf5
Qe7 35. Bxh7+ Qxh7 36. Qe8+ Kg7 37. Qf8+ Kg6 38. Qf6+ 1-0

[Event "II Open della Maremma A"]
[Site "Grosseto ITA"]
[Date "2013.05.12"]
[Round "6"]
[White "Tiengo, Davide"]
[Black "Messina, Roberta"]
[WhiteElo "2022"]
[BlackElo "1998"]
[Result "0-1"]
[PlyCount "56"]
[EventDate "2013.05.09"]

1. d4 d5 2. c4 c6 3. Nf3 Nf6 4. Nc3 e6 5. Bg5 h6 6. Bxf6 Qxf6 7. e3 Nd7 8. g3
dxc4 9. Bg2 e5 10. O-O Bb4 11. Qa4 Bxc3 12. bxc3 exd4 13. exd4 O-O 14. Rab1 b5
15. Qa5 Qd8 16. Qxd8 Rxd8 17. Nd2 Nb8 18. Rfe1 a6 19. Re7 Bd7 20. Rbe1 Kf8 21.
d5 cxd5 22. Bxd5 Be6 23. Bxa8 Kxe7 24. Ne4 Nd7 25. Bb7 f5 26. Bxa6 fxe4 27.
Bxb5 Nc5 28. f3 Rd2 0-1

[Event "II Open della Maremma A"]
[Site "Grosseto ITA"]
[Date "2013.05.12"]
[Round "6"]
[White "Vargas, Gabriela"]
[Black "Grichkevitch, Gilles"]
[WhiteElo "2057"]
[BlackElo "2153"]
[Result "1/2-1/2"]
[PlyCount "149"]
[EventDate "2013.05.09"]

1. d4 g6 2. c4 Bg7 3. e4 d6 4. f3 Nf6 5. Nc3 a6 6. Be3 Nc6 7. Nge2 Rb8 8. Nc1
e5 9. d5 Nd4 10. Nb3 c5 11. dxc6 bxc6 12. Nxd4 exd4 13. Bxd4 Rxb2 14. Be2 c5
15. Be3 Ng4 16. Bd2 Ne3 17. Bxe3 Bxc3+ 18. Kf2 O-O 19. Rf1 Qf6 20. Rc1 Be6 21.
Rc2 Rfb8 22. Qd3 Rxc2 23. Qxc2 Rb2 24. Qd3 Rxa2 25. Rb1 Bd4 26. Bxd4 Qxd4+ 27.
Qxd4 cxd4 28. Ke1 d3 29. Bxd3 Rxg2 30. Rb6 Rxh2 31. Rxa6 h5 32. f4 Rh1+ 33. Kf2
Rd1 34. Be2 Rd2 35. Ra8+ Kg7 36. Ke3 Rc2 37. Bd3 Rc1 38. Kd2 Rg1 39. f5 gxf5
40. exf5 Bd7 41. Rd8 Ba4 42. Rxd6 h4 43. f6+ Kh6 44. c5 Kg5 45. c6 Rd1+ 46. Ke2
Rc1 47. Be4 h3 48. Rd8 Bxc6 49. Rg8+ Kxf6 50. Bxc6 Rxc6 51. Rh8 Rc3 52. Kf2 Ke5
53. Kg1 f5 54. Re8+ Kf4 55. Kh2 Re3 56. Rg8 Kf3 57. Kxh3 Kf2+ 58. Kh2 f4 59.
Rg2+ Kf1 60. Rg1+ Kf2 61. Rg2+ Kf3 62. Rg8 Re1 63. Rf8 Re5 64. Kg1 Re1+ 65. Kh2
Re4 66. Kg1 Ra4 67. Rf7 Ra1+ 68. Kh2 Ke3 69. Kg2 Ra2+ 70. Kf1 Kf3 71. Kg1 Rg2+
72. Kf1 Rg4 73. Ra7 Kg3 74. Ra3+ Kh2 75. Rf3 1/2-1/2

[Event "V Torneo Parthenope A"]
[Site "Napoli ITA"]
[Date "2013.05.09"]
[Round "1"]
[White "Accardo, Francesco"]
[Black "Seletsky, Grigory"]
[WhiteElo "1848"]
[BlackElo "2329"]
[Result "0-1"]
[PlyCount "33"]
[EventDate "2013.05.09"]

1. e4 e5 2. d4 exd4 3. c3 d3 4. Bxd3 Nc6 5. Ne2 Ne5 6. Bc2 Qh4 7. Bf4 Bc5 8.
Bg3 Qe7 9. Qd5 d6 10. a4 Nf6 11. Qd1 a5 12. Na3 O-O 13. Qd2 Nh5 14. f3 Nxg3 15.
hxg3 Bxa3 16. bxa3 h6 17. Nd4 0-1

[Event "V Torneo Parthenope A"]
[Site "Napoli ITA"]
[Date "2013.05.09"]
[Round "1"]
[White "Auletta, Angelo"]
[Black "Capozzoli, Silvio"]
[WhiteElo "2196"]
[BlackElo "1801"]
[Result "1-0"]
[PlyCount "49"]
[EventDate "2013.05.09"]

1. e4 d5 2. exd5 Qxd5 3. Nc3 Qd6 4. d4 a6 5. Nge2 Nf6 6. Bf4 Qd8 7. Qd2 e6 8.
O-O-O Be7 9. h4 h6 10. f3 b6 11. Qe3 c6 12. g4 Nd5 13. Nxd5 cxd5 14. Ng3 Nd7
15. Bd3 Nf8 16. g5 h5 17. Be5 f6 18. gxf6 Bxf6 19. f4 Qe7 20. f5 Kd8 21. fxe6
Bxe6 22. Nf5 Bxf5 23. Bxf5 Bxe5 24. dxe5 g6 25. Qxb6+ 1-0

[Event "V Torneo Parthenope A"]
[Site "Napoli ITA"]
[Date "2013.05.09"]
[Round "1"]
[White "Buiano, Fabio"]
[Black "Esposito, Pino"]
[WhiteElo "2053"]
[BlackElo "1779"]
[Result "1-0"]
[PlyCount "41"]
[EventDate "2013.05.09"]

1. e4 c5 2. Nc3 d6 3. f4 Nc6 4. Nf3 g6 5. Bb5 Bd7 6. O-O Bg7 7. d3 e6 8. Bxc6
bxc6 9. e5 d5 10. Na4 Qe7 11. b3 c4 12. dxc4 c5 13. cxd5 exd5 14. Qxd5 Rc8 15.
Ba3 Bxa4 16. bxa4 Bh6 17. g3 Nf6 18. exf6 Qe3+ 19. Kg2 Qxa3 20. Rae1+ Kf8 21.
Re7 1-0